Efektívne investovanie finančných prostriedkov

Gespeichert in:
Bibliographische Detailangaben
1. Verfasser: Figna, Tomáš (Verfasst von)
Weitere Verfasser: Zatrochová, Monika (Betreuung Doktorarbeit)
Format: Manuskript Buch
Sprache:Slowakisch
Veröffentlicht: 2015
Schlagworte:
Online-Zugang:http://is.stuba.sk/zp/portal_zp.pl?podrobnosti=93645
Tags: Tag hinzufügen
Keine Tags, Fügen Sie das erste Tag hinzu!

MARC

LEADER 00000ntm a22000003a 4500
001 stuzp53026
003 SK-STU
005 20160719154344.4
007 ta
008 150427s2015----xo-----f-mn---000-0-slo-d
040 |a STU  |b slo 
041 0 |a slo 
100 1 |a Figna, Tomáš  |u 902024  |4 aut  |U Ústav manažmentu STU  |T ÚM - Oddelenie manažmentu chemických a potravinárskych technológií  |X 61818  |U R2024  |Y 408  |7 61818 
242 0 1 |a Efficient investment of funds  |y eng 
245 1 0 |a Efektívne investovanie finančných prostriedkov 
260 |c 2015 
650 4 |a Investovanie  |2 slo 
650 4 |a Finančné prostriedky  |2 slo 
650 4 |a Podielový fond  |2 slo 
650 4 |a Investment  |2 eng 
650 4 |a Funds  |2 eng 
650 4 |a Mutual funds  |2 eng 
700 1 |a Zatrochová, Monika  |4 ths  |X 1700  |7 1700 
856 4 |u http://is.stuba.sk/zp/portal_zp.pl?podrobnosti=93645 
SQL |a stuzp53026  |b DBP  |c SLO  |d Efektívne investovanie finančných prostriedkov  |e 61818  |f Figna, Tomáš  |g 902024  |h 1700  |i Zatrochová, Monika  |j 20150714  |k 104  |l 04  |m http://is.stuba.sk/zp/portal_zp.pl?podrobnosti=93645  |n B-AIM  |o 5.2.14. automatizácia, 5.2.52. priemyselné inžinierstvo